| 000 | 00911cam a2200265 4500 | ||
|---|---|---|---|
| 008 | 090401t1991 xxu||||| |||| 00| 0 eng d | ||
| 020 | _a0704905329 | ||
| 035 | _a(Sirsi) u26289 | ||
| 041 | _aeng | ||
| 050 | _a658.99 | ||
| 110 |
_aUniversity of Reading _93273 |
||
| 245 | _aConstruction Management Forum : report and guidance | ||
| 260 |
_aReading _bCentre for Strategic Studies in Construc _c1991 |
||
| 300 | _a72p. ; 30cm. | ||
| 350 | _a30 | ||
| 520 | _aReport sponsored by the Department of the Environment , Olympia and York and the British Property Federation . | ||
| 650 | _aBUILDING INDUSTRY | ||
| 650 | _aCONSTRUCTION MANAGEMENT FORUM | ||
| 650 |
_aCONSTRUCTION MANAGEMENT _96230 |
||
| 650 | _aMANAGEMENT CONTRACTING | ||
| 700 |
_aHoneyman, Stanley. _xChairman |
||
| 710 |
_aUniversity of Reading _bCentre for Strategic Studies in Construction _986 |
||
| 942 | _n0 | ||
| 948 | _c04/03/1997 | ||
| 999 |
_c88913 _d88913 |
||